| 000 | 00392nam a2200169Ia 4500 | ||
|---|---|---|---|
| 003 | LK-CoDNM | ||
| 008 | 010623t2000 xxu||||| |||| 00| 1 eng d | ||
| 040 |
_aLK-CoDNM _dLK-CoDNM _eLK-CoDNM |
||
| 041 | _aeng | ||
| 080 | _a929 SED | ||
| 100 | _aSedara, Nimal | ||
| 245 | _aSai Miracles in Sri Lanka | ||
| 260 |
_bAuthor _c2000 |
||
| 300 | _b67, 22 cm | ||
| 650 | _aBiography | ||
| 942 | _cBK | ||
| 999 |
_c120118 _d120118 |
||